Three stooges and friends [

Bibliographic Details
Format: Book
Published: Malaysia : Far East Pictures , 19_.
Subjects:

MARC

LEADER 00000cam a2200000 7i4500
001 0000000247
002 000000317
005 20021002.0
020 |a 000000317 
090 0 0 |a JF   |b THR 
245 0 0 |a Three stooges and friends [  |h video recording] 
255 |a Volume 14 
260 |a Malaysia :   |b Far East Pictures ,   |c 19_. 
300 |a 1 Video recording VHS (60 minutes) :   |b col.(PAL) 
500 |a Library has 1 copy 
650 0 0 |a Cartoon and carricatures 
999 |a PV0046   |b VIDEO   |c JUNIOR REFERENCE   |e PERPUSTAKAAN KOMUNITI PETALING JAYA